000 00480nam a2200181Ia 4500
008 090630s9999 xx 000 0 und d
082 _b20042
100 _a---
245 _aवळवाचा पाऊस.
_c---
260 _bअक्षय - पुणे.
_c2001
300 _a16
600 _a---
630 _aवळवाचा पाऊस.
655 _aबालवाङमय.
700 _a---
730 _aवळवाचा पाऊस.
942 _cBOOK
999 _c271898
_d271898